Spell the Marvel Hero #26 - Statistics

General Stats
  • This quiz has been taken 16 times
  • The average score is 8 of 8
Answer Stats
Picture Answer % Correct
Ant-Man
100%
Arachne
100%
Captain Marvel
100%
Scarlet Witch
100%
Thor (Jane Foster)
100%
Jocasta
93%
Okoye
93%
Jubilee
80%
No matching quizzes found
Score Distribution
Percent of People with Each Score
Percentile by Number Answered
Your Score History
You have not taken this quiz